<?xml version="1.0" encoding="UTF-8"?>
<record
    xmlns:xsi="http://www.w3.org/2001/XMLSchema-instance"
    xsi:schemaLocation="http://www.loc.gov/MARC21/slim http://www.loc.gov/standards/marcxml/schema/MARC21slim.xsd"
    xmlns="http://www.loc.gov/MARC21/slim">

  <leader>01181nam a22002417a 4500</leader>
  <controlfield tag="001">3559</controlfield>
  <controlfield tag="003">FISKH</controlfield>
  <controlfield tag="005">20240320113040.0</controlfield>
  <controlfield tag="008">240320b        cb ||||| |||| 00| 0 eng d</controlfield>
  <datafield tag="040" ind1=" " ind2=" ">
    <subfield code="a">FISK </subfield>
    <subfield code="b">eng </subfield>
    <subfield code="c">FISK</subfield>
    <subfield code="d">FISK</subfield>
  </datafield>
  <datafield tag="050" ind1=" " ind2=" ">
    <subfield code="a">PZ7.L3274 </subfield>
  </datafield>
  <datafield tag="082" ind1=" " ind2=" ">
    <subfield code="a">813.6 </subfield>
  </datafield>
  <datafield tag="100" ind1=" " ind2=" ">
    <subfield code="a">Lasky Kathryn </subfield>
    <subfield code="d">1944- </subfield>
  </datafield>
  <datafield tag="245" ind1=" " ind2=" ">
    <subfield code="a">The outcast / </subfield>
  </datafield>
  <datafield tag="260" ind1=" " ind2=" ">
    <subfield code="a">New York : </subfield>
    <subfield code="b">Scholastic, </subfield>
    <subfield code="c">2005 </subfield>
  </datafield>
  <datafield tag="300" ind1=" " ind2=" ">
    <subfield code="a">207 pages : </subfield>
    <subfield code="c">20 cm </subfield>
  </datafield>
  <datafield tag="505" ind1=" " ind2=" ">
    <subfield code="a">M </subfield>
  </datafield>
  <datafield tag="520" ind1=" " ind2=" ">
    <subfield code="a">Fantasy. Juvenile Fiction. HTML:

Nyroc has exiled himself from the Pure Ones. He flies alone, feared and despised by those who know him as Kludd's son, hunted by those whose despotism he has rejected, and haunted by ghostly creatures conjured by Nyra to lure him back to the Pure Ones. He yearns for a place he only half believes in&#xFFFD;??the great tree&#xFFFD;??and an uncle&#xFFFD;??the near-mythic Soren&#xFFFD;??who might be a true father to him. Yet he cannot approach the tree while the rumor of evil still clings to him. To prove his worth, Nyroc will fly to The Beyond the Beyond to seek the legendary Relic as a talisman of h </subfield>
  </datafield>
  <datafield tag="521" ind1="8" ind2=" ">
    <subfield code="a">790 </subfield>
    <subfield code="b">Lexile </subfield>
  </datafield>
  <datafield tag="700" ind1=" " ind2=" ">
    <subfield code="a">Kathryn Lasky </subfield>
  </datafield>
  <datafield tag="942" ind1=" " ind2=" ">
    <subfield code="2">ddc</subfield>
    <subfield code="c">BK</subfield>
    <subfield code="n">0</subfield>
  </datafield>
  <datafield tag="999" ind1=" " ind2=" ">
    <subfield code="c">3559</subfield>
    <subfield code="d">3559</subfield>
  </datafield>
  <datafield tag="952" ind1=" " ind2=" ">
    <subfield code="0">0</subfield>
    <subfield code="1">0</subfield>
    <subfield code="2">ddc</subfield>
    <subfield code="4">0</subfield>
    <subfield code="7">0</subfield>
    <subfield code="8">FIC</subfield>
    <subfield code="a">001</subfield>
    <subfield code="b">001</subfield>
    <subfield code="c">SKB</subfield>
    <subfield code="d">2024-03-20</subfield>
    <subfield code="l">0</subfield>
    <subfield code="o">LAS PZ7.L3274 813.6 </subfield>
    <subfield code="p">2024-0366</subfield>
    <subfield code="r">2024-03-20 11:32:39</subfield>
    <subfield code="t">1</subfield>
    <subfield code="w">2024-03-20</subfield>
    <subfield code="y">BK</subfield>
  </datafield>
</record>
